000 00679cam a22002173a 4500
001 43251
003 PGUSA
005 20140828084001.0
008 130719s2013||||xxu|||||s|||||000 | eng d
040 _aPGUSA
_beng
042 _adc
100 1 _aWade, Mary Hazelton Blanchard,
_d1860-1936
245 1 0 _aYellow Thunder, Our Little Indian Cousin
_h[electronic resource] /
_cMary Hazelton Blanchard Wade
260 _bProject Gutenberg,
_c2013
506 _aPublic domain in the USA.
516 _aElectronic text
700 1 _aBridgman, L. J.
_q(Lewis Jesse),
_d1857-1931
830 0 _aProject Gutenberg
_v43251
856 4 0 _uhttp://www.gutenberg.org/ebooks/43251
942 _cEB
999 _c272502
_d272502